Wszystkie miejscowości w gminie Stara Kiszewa - Statystyki

Ogólne statystyki
  • Ten quiz został rozwiązany 2 razy
  • Średni wynik to 19 z 34
Statystyki odpowiedzi
Miejscowość Odpowiedź % Poprawnych
Wieś Bożepole Szlacheckie
100%
Wieś Góra
100%
Wieś Konarzyny
100%
Wieś Struga
100%
Wieś Zamek Kiszewski
100%
Osada Bąk
50%
Wieś Bartoszylas
50%
Osada Bestra Suka
50%
Wieś Chwarzenko
50%
Wieś Chwarzno
50%
Osada Cięgardło
50%
Wieś Czerniki
50%
Wieś Dolne Maliki
50%
Osada Leśna Drzewiny
50%
Wieś Foshuta
50%
Wieś Górne Maliki
50%
Osada Leśna Grzybno
50%
Wieś Kobyle
50%
Osada Łasinek
50%
Wieś Lipy
50%
Wieś Nowe Polaszki
50%
Osada Nowiny
50%
Wieś Nowy Bukowiec
50%
Osada Nowy Dworzec
50%
Wieś Olpuch
50%
Osada Olpuch-Dworzec
50%
Wieś Pałubin
50%
Wieś Stara Kiszewa
50%
Wieś Stare Polaszki
50%
Wieś Stary Bukowiec
50%
Wieś Strzelki
50%
Wieś Wilcze Błota Kościerskie
50%
Wieś Wygonin
50%
Osada Nowa Kiszewa-Chrósty
0%
Nie znaleziono quizów pasujących do podanych kryteriów
Rozkład punktacji
Procent ludzi z każdym wynikiem
Percentyl według liczby udzielonych odpowiedzi
Twoja historia wyników
Nie rozwiązałeś tego quizu